Country by Eurovision Songs - Statistics

General Stats
  • This quiz has been taken 4,825 times
  • The average score is 26 of 35
Answer Stats
Songs Country % Correct
Waterloo | Euphoria | Heroes Sweden
98%
Insieme: 1992 | ZITTI E BUONI | Brividi Italy
96%
L’oiseau et l’enfant | J’ai Cherché | Voilà France
94%
Refrain | Ne Partez Pas Sans Moi | Tout l'Univers Switzerland
88%
Hallelujah | Diva | Toy Israel
87%
Hard Rock Hallelujah | Something Better | Dark Side Finland
86%
The Secret Is Love | Rise Like a Phoenix | Nobody But You Austria
84%
Nocturne | Fairytale | Spirit in the Sky Norway
84%
De Troubadour | Ding-a-Dong | Arcade Netherlands
83%
La, la, la | Eres tú | Quédate conmigo Spain
83%
Theater | Dschinghis Khan | Satellite Germany
81%
Molitva | Ovo je Balkan | In corpore sano Serbia
81%
Congratulations | Save Your Kisses for Me | Love Shine a Light United Kingdom
81%
Wild Dances | Dancing Lasha Tumbai | Shady Lady Ukraine
79%
La La Love | Fuego | El Diablo Cyprus
76%
Every Way That I Can | Düm Tek Tek | We Could Be the Same Turkey
76%
J'aime La Vie | Sanomi | City Lights Belgium
75%
Fly on the Wings of Love | New Tomorrow | Only Teardrops Denmark
75%
Die for You | My Number One | Alcohol Is Free Greece
72%
All Kinds of Eveything | Hold Me Now | Lipstick Ireland
72%
We Are the Winners | Eastern European Funk | Discoteque Lithuania
72%
Tonight Again | Sound of Silence | Zero Gravity Australia
70%
All Out of Luck | Is It True? | Think About Things Iceland
69%
To nie ja | My Słowianie - We Are Slavic | Color of Your Life Poland
69%
7th Wonder | Angel | Je me casse Malta
67%
Maybe | Say Na Na Na | Adrenalina San Marino
67%
If Love Was a Crime | Beautiful Mess | Growing Up Is Getting Old Bulgaria
66%
Ne ver', Ne boysia | Believe | Party for Everybody Russia
66%
Always | Running Scared | Hold Me Azerbaijan
64%
Everybody | Rändajad | La Forza Estonia
62%
So Lucky | Stay | Hey Mamma Moldova
61%
Let Me Try | Playing with Fire | Yodel It! Romania
59%
I Wanna | Wolves of the Sea | Love Injected Latvia
55%
Qélé Qélé | Apricot Stone | Not Alone Armenia
53%
Kedvesem | Running | Origo Hungary
51%
No matching quizzes found
Score Distribution
Percent of People with Each Score
Percentile by Number Answered
Your Score History
You have not taken this quiz